[Event "Titled Tuesday intern op 21st Mar Early"]
[Site "Chess.com INT"]
[Date "2023.03.21"]
[Round "1"]
[White "Makarian, Rudik"]
[Black "Vetokhin, Ilia"]
[Result "1-0"]
[WhiteElo "2557"]
[BlackElo "2305"]
[PlyCount "105"]
[EventDate "2023.03.21"]
[EventType "swiss (blitz)"]
[EventRounds "11"]
[EventCountry "USA"]
[SourceTitle "EXT 2024"]
[Source "ChessBase"]
[SourceDate "2023.10.10"]
[SourceVersion "1"]
[SourceVersionDate "2023.10.10"]
[SourceQuality "1"]

1. d4 Nf6 2. c4 e6 3. Nf3 d5 4. Nc3 Bb4 5. Qa4+ Nc6 6. a3 Bxc3+ 7. bxc3 0-0 8. Bg5 dxc4 9. e4 Qd7 10. Bxf6 gxf6 11. Qxc4 Na5 12. Qb4 b6 13. Bd3 c5 14. Qb1 Bb7 15. 0-0 Kh8 16. d5 c4 17. Bc2 e5 18. Nh4 Bc8 19. f3 Nb7 20. Qc1 Nd6 21. Qh6 Qe7 22. Kh1 Rg8 23. a4 Bd7 24. f4 Ne8 25. f5 Qf8 26. Qe3 Rg5 27. Rf3 Qg7 28. a5 b5 29. a6 Qf8 30. Rg3 h6 31. Rh3 Kh7 32. Nf3 Kg7 33. Nxg5 fxg5 34. Rf3 f6 35. g4 Qe7 36. Kg2 Qd6 37. h4 Nc7 38. hxg5 fxg5 39. Rh1 Ne8 40. Rfh3 Qf6 41. Rxh6 Qxh6 42. Rxh6 Kxh6 43. Qh3+ Kg7 44. Qh5 Kf6 45. Qg6+ Ke7 46. f6+ Nxf6 47. Qg7+ Kd6 48. Qxf6+ Kc5 49. Qe7+ Kb6 50. Qd6+ Ka5 51. Qxd7 b4 52. Qc7+ Kxa6 53. Qc6+ 1-0

[Event "Titled Tuesday intern op 31st Jan Early"]
[Site "Chess.com INT"]
[Date "2023.01.31"]
[Round "11"]
[White "Ambartsumova, Karina"]
[Black "Vetokhin, Ilia"]
[Result "1/2-1/2"]
[WhiteElo "2399"]
[BlackElo "2305"]
[PlyCount "139"]
[EventDate "2023.01.31"]
[EventType "swiss (blitz)"]
[EventRounds "11"]
[EventCountry "USA"]
[SourceTitle "CBM 212 Extra"]
[Source "ChessBase"]
[SourceDate "2023.03.31"]
[SourceVersion "1"]
[SourceVersionDate "2023.03.31"]
[SourceQuality "1"]

1. e4 c5 2. Nf3 Nc6 3. d4 cxd4 4. Nxd4 Nf6 5. Nc3 d6 6. Bg5 e6 7. Qd2 a6 8. 0-0-0 Bd7 9. f3 Be7 10. h4 b5 11. g4 Qb6 12. Be3 Qa5 13. Nb3 Qc7 14. Kb1 Ne5 15. g5 Nh5 16. f4 Nc4 17. Bxc4 Qxc4 18. Rhe1 a5 19. Nc5 Rc8 20. Nxd7 Kxd7 21. e5 d5 22. Ne2 a4 23. Nd4 b4 24. f5 a3 25. fxe6+ fxe6 26. Qg2 Bc5 27. Nxe6 Kxe6 28. Bxc5 Qxc5 29. Qg4+ Ke7 30. Re2 b3 31. axb3 a2+ 32. Ka1 g6 33. e6 Ng7 34. Qa4 Rc7 35. Rf1 Nf5 36. h5 Rd8 37. hxg6 hxg6 38. Rh1 Rg8 39. Rh7+ Rg7 40. Rh1 Qc6 41. Qf4 Qd6 42. Qa4 Qc6 43. Qb4+ Qd6 44. Qb8 Rc6 45. Qh8 Rc7 46. Rh7 Rxh7 47. Qxh7+ Kd8 48. Qg8+ Ke7 49. Qf7+ Kd8 50. Qxg6 Ne7 51. Qf7 Kc8 52. g6 Qg3 53. Qe8+ Kb7 54. g7 Qg1+ 55. Kxa2 Qa7+ 56. Qa4 Qg1 57. Qb5+ Kc8 58. Qe8+ Kb7 59. Qf8 Kb6 60. b4 Ra7+ 61. Kb3 Qg3+ 62. c3 d4 63. Qe8 dxc3 64. bxc3 Qd3 65. Rg2 Qd1+ 66. Rc2 Qb1+ 67. Rb2 Qd1+ 68. Rc2 Qb1+ 69. Rb2 Qd1+ 70. Rc2 1/2-1/2

[Event "Titled Tuesday intern op 31st Jan Early"]
[Site "Chess.com INT"]
[Date "2023.01.31"]
[Round "8"]
[White "Vetokhin, Ilia"]
[Black "Florescu, Codrut Constantin"]
[Result "0-1"]
[WhiteElo "2305"]
[BlackElo "2245"]
[PlyCount "88"]
[EventDate "2023.01.31"]
[EventType "swiss (blitz)"]
[EventRounds "11"]
[EventCountry "USA"]
[SourceTitle "CBM 212 Extra"]
[Source "ChessBase"]
[SourceDate "2023.03.31"]
[SourceVersion "1"]
[SourceVersionDate "2023.03.31"]
[SourceQuality "1"]

1. b3 d5 2. Bb2 Bf5 3. Nf3 e6 4. g3 Nf6 5. Bg2 Be7 6. 0-0 0-0 7. d3 h6 8. c4 c5 9. e3 Nc6 10. Ne5 Nxe5 11. Bxe5 Qd7 12. Nc3 Ng4 13. Bf4 Bf6 14. Rc1 Bxc3 15. Rxc3 e5 16. e4 d4 17. Rc2 Be6 18. Bd2 b5 19. f4 exf4 20. gxf4 f5 21. e5 Rac8 22. h3 Ne3 23. Bxe3 dxe3 24. Qe2 Qd4 25. Rf3 bxc4 26. bxc4 Rb8 27. Qxe3 Rb1+ 28. Kh2 Rfb8 29. Qxd4 cxd4 30. Rf1 Rxf1 31. Bxf1 g5 32. c5 gxf4 33. Bg2 Kf7 34. c6 Ke7 35. c7 Rg8 36. Bb7 Bc8 37. Bd5 Re8 38. Rf2 Kd7 39. Rxf4 Rxe5 40. Rxd4 Kxc7 41. Kg3 Bd7 42. Bc4 Re3+ 43. Kh4 f4 44. Rxf4 Rxh3# 0-1

[Event "Titled Tuesday intern op 31st Jan Early"]
[Site "Chess.com INT"]
[Date "2023.01.31"]
[Round "5"]
[White "Vetokhin, Ilia"]
[Black "Mitrovic, Darko R"]
[Result "1-0"]
[WhiteElo "2305"]
[BlackElo "2220"]
[PlyCount "63"]
[EventDate "2023.01.31"]
[EventType "swiss (blitz)"]
[EventRounds "11"]
[EventCountry "USA"]
[SourceTitle "CBM 212 Extra"]
[Source "ChessBase"]
[SourceDate "2023.03.31"]
[SourceVersion "1"]
[SourceVersionDate "2023.03.31"]
[SourceQuality "1"]

1. b3 d5 2. Bb2 c5 3. Nf3 Nc6 4. g3 Nf6 5. Bg2 g6 6. 0-0 Bg7 7. d4 cxd4 8. Nxd4 0-0 9. c4 Nxd4 10. Qxd4 dxc4 11. Qxc4 Be6 12. Qa4 Bd5 13. Rd1 e6 14. e4 Bc6 15. Rxd8 Raxd8 16. Qb4 Rd1+ 17. Bf1 Nxe4 18. Bxg7 Kxg7 19. Nc3 Rxa1 20. Nxe4 Bxe4 21. Qxe4 Rxa2 22. h4 h5 23. Bc4 Rd8 24. Qxb7 Rd1+ 25. Kg2 Rdd2 26. Qf3 a5 27. Qf4 Rab2 28. Qe5+ Kf8 29. Qe3 Kg7 30. Qa7 Kf8 31. Qc5+ Kg7 32. Kf3 1-0

[Event "Titled Tuesday intern op 31st Jan Early"]
[Site "Chess.com INT"]
[Date "2023.01.31"]
[Round "7"]
[White "Vetokhin, Ilia"]
[Black "Souleidis, Georgios"]
[Result "1/2-1/2"]
[WhiteElo "2305"]
[BlackElo "2410"]
[PlyCount "204"]
[EventDate "2023.01.31"]
[EventType "swiss (blitz)"]
[EventRounds "11"]
[EventCountry "USA"]
[SourceTitle "CBM 212 Extra"]
[Source "ChessBase"]
[SourceDate "2023.03.31"]
[SourceVersion "1"]
[SourceVersionDate "2023.03.31"]
[SourceQuality "1"]

1. b3 d5 2. Bb2 Bf5 3. Nf3 e6 4. g3 Nf6 5. Bg2 Nbd7 6. 0-0 Bd6 7. c4 c6 8. d3 0-0 9. Nbd2 h6 10. a3 Bh7 11. Rc1 Qe7 12. b4 a5 13. c5 Bc7 14. Qc2 axb4 15. axb4 e5 16. e4 dxe4 17. dxe4 Rfd8 18. Rfd1 Nf8 19. Nh4 Ne6 20. Nf5 Bxf5 21. exf5 Nd4 22. Bxd4 exd4 23. Qd3 Ng4 24. Nc4 Ne5 25. Nxe5 Bxe5 26. Ra1 Bf6 27. h4 Qe5 28. Rdc1 Qe8 29. b5 Rxa1 30. Rxa1 Ra8 31. Rxa8 Qxa8 32. bxc6 bxc6 33. Qe4 Qa5 34. Qc2 Qe1+ 35. Bf1 Qe5 36. Kg2 Be7 37. Bd3 Bxc5 38. Be4 Qd6 39. g4 Qf4 40. Bf3 Bd6 41. Qxc6 d3 42. Qd5 d2 43. Qd3 Qh2+ 44. Kf1 Bf4 45. Ke2 Qxh4 46. f6 Qxf6 47. Qe4 g6 48. Qd3 Kg7 49. Be4 Qe5 50. Kf1 Bg5 51. Kg2 Qf4 52. Bf3 Bf6 53. Kf1 Qh2 54. Ke2 Qf4 55. Qxd2 Qc4+ 56. Qd3 Qc5 57. Kf1 Bd4 58. Qe2 Qc1+ 59. Kg2 Qf4 60. Qe4 Qd6 61. Qd3 Qe5 62. Qe4 Qf6 63. Qd3 Be5 64. Qe4 Bc7 65. Qd5 Qf4 66. Kf1 Be5 67. Qe4 Qc1+ 68. Kg2 Qc7 69. Qd5 Qe7 70. Qe4 Qg5 71. Kf1 Bf6 72. Ke2 Qb5+ 73. Ke1 Qb2 74. Qe2 Qc1+ 75. Qd1 Bc3+ 76. Ke2 Qb2+ 77. Kf1 Bd4 78. Qe2 Qc1+ 79. Kg2 Qf4 80. Qe4 Qf6 81. Qd5 Be5 82. Qe4 Qd6 83. Kf1 Qe7 84. Kg2 Qe6 85. Kf1 f5 86. gxf5 gxf5 87. Qb7+ Kf6 88. Qc6 Qxc6 89. Bxc6 Kg5 90. Kg2 h5 91. f3 Bf4 92. Kh3 Bd2 93. Ba8 Be1 94. Bb7 Kf4 95. Ba8 h4 96. Bb7 Bg3 97. Ba8 Ke3 98. Bb7 Kd4 99. Ba8 Ke3 100. Bb7 Kf4 101. Ba8 Kg5 102. Bb7 Kf4 1/2-1/2

[Event "Titled Tuesday intern op 19th Apr Early"]
[Site "Chess.com INT"]
[Date "2022.04.19"]
[Round "4"]
[White "Ajay Krishna, S."]
[Black "Vetokhin, Ilia"]
[Result "1-0"]
[WhiteElo "2398"]
[BlackElo "2305"]
[PlyCount "67"]
[EventDate "2022.04.19"]
[EventType "swiss (blitz)"]
[EventRounds "11"]
[EventCountry "USA"]
[SourceTitle "EXT 2023"]
[Source "ChessBase"]
[SourceDate "2022.10.05"]
[SourceVersion "1"]
[SourceVersionDate "2022.10.05"]
[SourceQuality "1"]

1. d4 Nf6 2. c4 g6 3. Nf3 Bg7 4. g3 0-0 5. Bg2 d6 6. 0-0 c5 7. d5 b5 8. cxb5 a6 9. bxa6 Bf5 10. Nc3 Ne4 11. Bd2 Nxa6 12. Nxe4 Bxe4 13. Bc3 Nb4 14. Bxg7 Kxg7 15. Ne1 Bxg2 16. Nxg2 Rxa2 17. Rxa2 Nxa2 18. e4 Qb6 19. Qe2 Rb8 20. Ne3 Qxb2 21. Qg4 Kh8 22. h4 Qf6 23. h5 Nb4 24. hxg6 hxg6 25. Qh3+ Kg8 26. Ng4 Qg7 27. Kg2 f6 28. Rh1 Nd3 29. Nh6+ Kf8 30. Qe6 Ne5 31. Ng4 Nxg4 32. Qxg4 Re8 33. Qd7 Kg8 34. Qxe8+ 1-0

[Event "Titled Tuesday intern op 19th Apr Early"]
[Site "Chess.com INT"]
[Date "2022.04.19"]
[Round "1"]
[White "Fedoseev, Vladimir1111"]
[Black "Vetokhin, Ilia"]
[Result "1-0"]
[WhiteElo "2701"]
[BlackElo "2305"]
[PlyCount "133"]
[EventDate "2022.04.19"]
[EventType "swiss (blitz)"]
[EventRounds "11"]
[EventCountry "USA"]
[SourceTitle "EXT 2023"]
[Source "ChessBase"]
[SourceDate "2022.10.05"]
[SourceVersion "1"]
[SourceVersionDate "2022.10.05"]
[SourceQuality "1"]

1. e4 c5 2. Nf3 Nc6 3. d4 cxd4 4. Nxd4 Nf6 5. Nc3 d6 6. Bg5 e6 7. Bb5 Bd7 8. Qd3 a6 9. Bxc6 bxc6 10. 0-0-0 Be7 11. f4 c5 12. Nf3 Bc6 13. Rhe1 0-0 14. Bxf6 Bxf6 15. Qxd6 Qxd6 16. Rxd6 Rac8 17. Ne5 Bxe5 18. fxe5 Rfe8 19. Kd2 Kf8 20. Ke3 Ke7 21. Red1 Rc7 22. b3 Ra8 23. g4 h6 24. h4 Rb8 25. R6d2 Ra8 26. Nd5+ Bxd5 27. exd5 exd5 28. Rxd5 a5 29. Kd3 a4 30. Kc4 axb3 31. axb3 Rb8 32. c3 Rbb7 33. Rb1 Ke6 34. Re1 Rb6 35. Rd2 Rcb7 36. Rb2 Rc7 37. h5 Rbc6 38. Rf2 Rb6 39. Rf5 Rcb7 40. Rb1 Rc7 41. Rd1 Rcb7 42. Rd6+ Rxd6 43. exd6 Kxd6 44. Rd5+ Ke6 45. Rxc5 g6 46. b4 Ra7 47. Rc6+ Ke5 48. hxg6 fxg6 49. Rxg6 Rc7+ 50. Kb3 Kf4 51. Rxh6 Kxg4 52. Rd6 Kf4 53. b5 Ke5 54. Rd1 Rb7 55. c4 Ke6 56. Kb4 Ra7 57. b6 Ra2 58. Kc5 Ra5+ 59. Kc6 Ra4 60. c5 Rh4 61. b7 Rh8 62. Kb6 Ke7 63. c6 Rg8 64. c7 Rg2 65. c8Q Rb2+ 66. Ka7 Ra2+ 67. Kb8 1-0

[Event "Titled Tuesday intern op 19th Apr Early"]
[Site "Chess.com INT"]
[Date "2022.04.19"]
[Round "6"]
[White "Lagunov, Evgenij"]
[Black "Vetokhin, Ilia"]
[Result "1/2-1/2"]
[WhiteElo "2201"]
[BlackElo "2305"]
[PlyCount "109"]
[EventDate "2022.04.19"]
[EventType "swiss (blitz)"]
[EventRounds "11"]
[EventCountry "USA"]
[SourceTitle "EXT 2023"]
[Source "ChessBase"]
[SourceDate "2022.10.05"]
[SourceVersion "1"]
[SourceVersionDate "2022.10.05"]
[SourceQuality "1"]

1. e4 c5 2. Nf3 Nc6 3. d4 cxd4 4. Nxd4 Nf6 5. Nc3 d6 6. Be3 Ng4 7. Nxc6 bxc6 8. Bf4 e5 9. Bg3 Be7 10. Bc4 0-0 11. 0-0 Nf6 12. h3 Rb8 13. Bb3 Be6 14. Qd2 Qc7 15. Bxe6 fxe6 16. b3 Nd7 17. Kh1 Rf7 18. Na4 Rbf8 19. c4 c5 20. Rad1 Nb8 21. Nc3 Nc6 22. Nb5 Qd7 23. Nxd6 Rd8 24. Nxf7 Qxd2 25. Rxd2 Rxd2 26. Nxe5 Nxe5 27. Bxe5 Rxa2 28. f4 Re2 29. Rd1 Rxe4 30. Rd7 Bf6 31. Bd6 Bd4 32. Rxa7 h6 33. g4 Re3 34. Kg2 Rxb3 35. Rc7 Rb4 36. Bxc5 Rxc4 37. Bd6 Rxc7 38. Bxc7 Kf7 39. Kf3 g6 40. Ke4 Bb2 41. Be5 Ba3 42. h4 Be7 43. h5 Ba3 44. hxg6+ Kxg6 45. Bc7 Bb2 46. Be5 Ba3 47. Bd4 Bd6 48. Bf2 h5 49. g5 Bc7 50. Bd4 Bd6 51. Bf2 Bc7 52. Be1 Bd6 53. Bh4 Bc7 54. Bg3 Bd6 55. Bf2 1/2-1/2

[Event "Titled Tuesday intern op 19th Apr Early"]
[Site "Chess.com INT"]
[Date "2022.04.19"]
[Round "7"]
[White "Vetokhin, Ilia"]
[Black "Baches Garcia, Guillermo"]
[Result "1/2-1/2"]
[WhiteElo "2305"]
[BlackElo "2329"]
[PlyCount "20"]
[EventDate "2022.04.19"]
[EventType "swiss (blitz)"]
[EventRounds "11"]
[EventCountry "USA"]
[SourceTitle "EXT 2023"]
[Source "ChessBase"]
[SourceDate "2022.10.05"]
[SourceVersion "1"]
[SourceVersionDate "2022.10.05"]
[SourceQuality "1"]

1. d4 Nf6 2. c4 e6 3. g3 d5 4. Bg2 Be7 5. Nf3 0-0 6. 0-0 dxc4 7. Ne5 c5 8. dxc5 Qc7 9. Nxc4 Qxc5 10. b3 Rd8 1/2-1/2

[Event "Titled Tuesday intern op 19th Apr Early"]
[Site "Chess.com INT"]
[Date "2022.04.19"]
[Round "2"]
[White "Vetokhin, Ilia"]
[Black "Friedel, Tom"]
[Result "1-0"]
[WhiteElo "2305"]
[BlackElo "2295"]
[PlyCount "147"]
[EventDate "2022.04.19"]
[EventType "swiss (blitz)"]
[EventRounds "11"]
[EventCountry "USA"]
[SourceTitle "EXT 2023"]
[Source "ChessBase"]
[SourceDate "2022.10.05"]
[SourceVersion "1"]
[SourceVersionDate "2022.10.05"]
[SourceQuality "1"]

1. d4 d5 2. c4 e6 3. g3 Nf6 4. Bg2 Be7 5. Nf3 0-0 6. 0-0 Nbd7 7. Nc3 dxc4 8. e4 Nb6 9. Qe2 Bd7 10. Rd1 Bc6 11. Ne5 Nfd7 12. Nxc4 Nxc4 13. Qxc4 Nb6 14. Qe2 Re8 15. Bf4 Bg5 16. Be3 Bxe3 17. Qxe3 Qe7 18. Qe2 Rad8 19. a3 h6 20. h4 a6 21. Rac1 Qf6 22. e5 Qe7 23. Bxc6 bxc6 24. Ne4 Rd5 25. Rxc6 Red8 26. Rdc1 a5 27. Rxc7 Qe8 28. Nd6 Qa4 29. Nxf7 Rf8 30. Nxh6+ Kh7 31. Qg4 Nd7 32. R1c4 Qb3 33. Qe4+ Kxh6 34. Rc3 Qb6 35. R7c6 Qxd4 36. Qxd4 Rxd4 37. Rxe6+ Kh7 38. Re7 Nb6 39. Rcc7 Nd5 40. Rxg7+ Kh6 41. Rh7+ Kg6 42. Rcg7+ Kf5 43. Rg5+ Ke4 44. e6 Rd1+ 45. Kg2 Rd2 46. Rg4+ Kd3 47. Rf4 Rxf4 48. gxf4 Nxf4+ 49. Kf3 Nxe6 50. Rd7+ Nd4+ 51. Kf4 Rxb2 52. Ke5 Rxf2 53. Rxd4+ Kc3 54. Rg4 Rh2 55. Kf5 Kb3 56. a4 Rf2+ 57. Kg5 Ra2 58. h5 Rc2 59. h6 Rc5+ 60. Kg6 Rc6+ 61. Kh5 Rc5+ 62. Rg5 Rc1 63. Rxa5 Rh1+ 64. Kg6 Kb4 65. Rh5 Rg1+ 66. Rg5 Rh1 67. a5 Ra1 68. h7 Rh1 69. Rh5 Rg1+ 70. Rg5 Rh1 71. Kg7 Rh2 72. h8Q Rxh8 73. Kxh8 Ka4 74. a6 1-0

[Event "Titled Tuesday intern op 08th Mar Early"]
[Site "Chess.com INT"]
[Date "2022.03.08"]
[Round "3"]
[White "Sahil, Tickoo"]
[Black "Vetokhin, Ilia"]
[Result "0-1"]
[WhiteElo "2201"]
[BlackElo "2305"]
[PlyCount "94"]
[EventDate "2022.03.08"]
[EventType "swiss (blitz)"]
[EventRounds "11"]
[EventCountry "USA"]
[SourceTitle "CBM 207 Extra"]
[Source "ChessBase"]
[SourceDate "2022.05.31"]
[SourceVersion "1"]
[SourceVersionDate "2022.05.31"]
[SourceQuality "1"]

1. d4 Nf6 2. c4 g6 3. Nc3 Bg7 4. e4 d6 5. Nf3 0-0 6. Be2 c5 7. d5 e6 8. 0-0 exd5 9. exd5 Bg4 10. h3 Bxf3 11. Bxf3 Nfd7 12. Re1 Na6 13. Bd2 Nc7 14. Qc2 a6 15. Rad1 b5 16. b3 Re8 17. Be2 Rb8 18. Bf1 b4 19. Ne4 Nf8 20. Bf4 Rb6 21. Qd3 h6 22. Qg3 Be5 23. Bxe5 Rxe5 24. Qf4 f5 25. Ng3 Qf6 26. Qxh6 Rb8 27. Nh5 Qf7 28. Rxe5 dxe5 29. Ng3 Ne8 30. h4 Nd6 31. h5 Re8 32. hxg6 Qxg6 33. Qxg6+ Nxg6 34. Nh5 Kf7 35. Re1 a5 36. Ng3 a4 37. Bd3 e4 38. Bc2 axb3 39. Bxb3 Ne5 40. Re3 f4 41. Rxe4 Nxe4 42. Nxe4 Nxc4 43. f3 Na5 44. Nd6+ Ke7 45. Nxe8 Nxb3 46. axb3 c4 47. Nc7 cxb3 0-1

[Event "Titled Tuesday intern op 01st Mar Early"]
[Site "Chess.com INT"]
[Date "2022.03.01"]
[Round "5"]
[White "Fier, Alexandr"]
[Black "Vetokhin, Ilia"]
[Result "1-0"]
[WhiteElo "2583"]
[BlackElo "2305"]
[PlyCount "89"]
[EventDate "2022.03.01"]
[EventType "swiss (blitz)"]
[EventRounds "11"]
[EventCountry "USA"]
[SourceTitle "CBM 207 Extra"]
[Source "ChessBase"]
[SourceDate "2022.05.31"]
[SourceVersion "1"]
[SourceVersionDate "2022.05.31"]
[SourceQuality "1"]

1. d4 Nf6 2. c4 g6 3. g3 Bg7 4. Bg2 0-0 5. Nc3 d6 6. Nf3 c5 7. 0-0 Nc6 8. d5 Na5 9. Nd2 a6 10. Qc2 Rb8 11. b3 b5 12. Rb1 bxc4 13. bxc4 Rxb1 14. Ncxb1 e6 15. Bb2 exd5 16. cxd5 Bd7 17. h3 Qb6 18. Bc3 Be8 19. Rc1 Bd7 20. Na3 Nb7 21. Nac4 Qc7 22. Rb1 Ne8 23. Bxg7 Nxg7 24. Ne4 f5 25. Qb2 fxe4 26. Qxb7 Qxb7 27. Rxb7 Bb5 28. Nxd6 Bxe2 29. Nxe4 Nf5 30. Nxc5 Bc4 31. Ne6 Rc8 32. g4 Nd6 33. Rg7+ Kh8 34. Rd7 Nb5 35. Ng5 Bxa2 36. Rxh7+ Kg8 37. Rd7 a5 38. Be4 Rc1+ 39. Kg2 Bb1 40. Bxb1 Rxb1 41. Rb7 a4 42. d6 Kf8 43. Nh7+ Ke8 44. Nf6+ Kd8 45. Rb8# 1-0

[Event "Titled Tuesday intern op 01st Mar Early"]
[Site "Chess.com INT"]
[Date "2022.03.01"]
[Round "1"]
[White "Vetokhin, Ilia"]
[Black "Yilmaz, Mustafa"]
[Result "0-1"]
[WhiteElo "2305"]
[BlackElo "2627"]
[PlyCount "194"]
[EventDate "2022.03.01"]
[EventType "swiss (blitz)"]
[EventRounds "11"]
[EventCountry "USA"]
[SourceTitle "CBM 207 Extra"]
[Source "ChessBase"]
[SourceDate "2022.05.31"]
[SourceVersion "1"]
[SourceVersionDate "2022.05.31"]
[SourceQuality "1"]

1. d4 Nf6 2. c4 g6 3. Nc3 Bg7 4. e4 d6 5. Be2 0-0 6. Bg5 c5 7. d5 e6 8. Qd2 exd5 9. exd5 Qb6 10. Nf3 Bf5 11. Nh4 Ne4 12. Nxe4 Bxe4 13. f3 h6 14. Bxh6 Bxh6 15. Qxh6 Qxb2 16. 0-0 Bc2 17. Qd2 Qf6 18. Qxc2 Qxh4 19. f4 Nd7 20. Bd3 Nf6 21. g3 Qh8 22. Qb2 Rae8 23. Rae1 b6 24. a4 Qg7 25. Kg2 Ng4 26. Qxg7+ Kxg7 27. Rxe8 Rxe8 28. Ra1 Re3 29. Bf1 Rc3 30. Be2 Rc2 31. Kf3 f5 32. h3 Rc3+ 33. Kg2 Ne3+ 34. Kf2 Nxc4 35. a5 Nxa5 36. g4 Rxh3 37. gxf5 gxf5 38. Rg1+ Kf6 39. Rg8 Nb3 40. Rf8+ Ke7 41. Rxf5 Rh2+ 42. Kg3 Rxe2 43. Rh5 Nd4 44. Rh7+ Kf6 45. Kg4 Rg2+ 46. Kh3 Rg7 47. Rh6+ Kf5 48. Rxd6 Kxf4 49. Rd8 Nf5 50. d6 Kf3 51. Kh2 Rh7+ 52. Kg1 Ng3 53. Rf8+ Ke4 54. Kg2 Nf5 55. Re8+ Kd5 56. Rf8 Nxd6 57. Rf4 Rg7+ 58. Kf2 Rf7 59. Rf6 Rxf6+ 60. Ke3 Re6+ 61. Kd3 Re4 62. Kc3 Rb4 63. Kc2 a5 64. Kc3 a4 65. Kc2 a3 66. Kc3 a2 67. Kc2 Nb7 68. Kd2 Na5 69. Kc3 Kc6 70. Kc2 Kb5 71. Kd2 Ka4 72. Kc2 Ka3 73. Kd3 b5 74. Kd2 Rc4 75. Kd3 b4 76. Kd2 Rc3 77. Ke2 Kb2 78. Kd2 b3 79. Ke2 c4 80. Kd2 Nb7 81. Kd1 Nc5 82. Kd2 Na6 83. Ke2 Nb4 84. Kd2 Rc1 85. Ke2 a1Q 86. Kd2 Qb1 87. Ke2 Qd3+ 88. Kf2 Rc2+ 89. Ke1 Qd2+ 90. Kf1 Ka3 91. Kg1 Nd3 92. Kh1 b2 93. Kg1 Qe2 94. Kh1 c3 95. Kg1 Rd2 96. Kh1 c2 97. Kg1 c1Q# 0-1

[Event "Titled Tuesday intern op 08th Feb Early"]
[Site "Chess.com INT"]
[Date "2022.02.08"]
[Round "6"]
[White "Carre, Sylvain"]
[Black "Vetokhin, Ilia"]
[Result "0-1"]
[WhiteElo "2127"]
[BlackElo "2305"]
[PlyCount "98"]
[EventDate "2022.02.08"]
[EventType "swiss (blitz)"]
[EventRounds "11"]
[EventCountry "USA"]
[SourceTitle "CBM 206 Extra"]
[Source "ChessBase"]
[SourceDate "2022.03.31"]
[SourceVersion "1"]
[SourceVersionDate "2022.03.31"]
[SourceQuality "1"]

1. d4 Nf6 2. Bf4 g6 3. e3 Bg7 4. Be2 0-0 5. Nf3 c5 6. c3 b6 7. 0-0 Bb7 8. Nbd2 d6 9. h3 Nbd7 10. Bh2 Ne4 11. Nxe4 Bxe4 12. Nd2 Bb7 13. Bf3 Qc7 14. Bxb7 Qxb7 15. Qf3 Qxf3 16. Nxf3 Rfc8 17. Rfe1 Kf8 18. Kf1 h6 19. Ke2 b5 20. a3 Rab8 21. Rec1 a5 22. Kd3 Ke8 23. g4 a4 24. Bf4 Nb6 25. Nd2 Rb7 26. Rab1 e5 27. dxe5 dxe5 28. Bg3 Rd7+ 29. Kc2 Rcd8 30. Rd1 f5 31. gxf5 gxf5 32. Nf3 Nc4 33. Nh4 Rd2+ 34. Rxd2 Rxd2+ 35. Kc1 f4 36. exf4 exf4 37. Bxf4 Rxf2 38. Nf5 Rxf4 39. Nxg7+ Kf7 40. Nh5 Rf3 41. Kc2 Kg6 42. Rg1+ Kxh5 43. Rg8 Rf2+ 44. Kb1 Rxb2+ 45. Ka1 Rb3 46. Rc8 Rxa3+ 47. Kb1 Rxc3 48. Ka1 Nd2 49. Rxc5+ Rxc5 0-1

[Event "Titled Tuesday intern op 01st Feb-A"]
[Site "Chess.com INT"]
[Date "2022.02.01"]
[Round "4"]
[White "Vetokhin, Ilia"]
[Black "Magallanes, Rey Jomar"]
[Result "1-0"]
[WhiteElo "2305"]
[BlackElo "2049"]
[PlyCount "65"]
[EventDate "2022.02.01"]
[EventType "swiss (blitz)"]
[EventRounds "11"]
[EventCountry "USA"]
[SourceTitle "CBM 206 Extra"]
[Source "ChessBase"]
[SourceDate "2022.03.31"]
[SourceVersion "1"]
[SourceVersionDate "2022.03.31"]
[SourceQuality "1"]

1. d4 d5 2. c4 e6 3. g3 Nf6 4. Bg2 Be7 5. Nf3 Nbd7 6. 0-0 0-0 7. Qc2 b6 8. Rd1 c5 9. cxd5 exd5 10. Nc3 Bb7 11. Bf4 Rc8 12. Rac1 cxd4 13. Nxd4 Nc5 14. Qf5 g6 15. Qb1 Bd6 16. Bg5 Be7 17. Ndb5 a6 18. Nd4 Re8 19. h4 Qc7 20. b4 Nce4 21. Nxe4 Qd8 22. Nxf6+ Bxf6 23. Bxf6 Qxf6 24. Qd3 b5 25. Nb3 Rc4 26. Nc5 Ba8 27. Bxd5 Bxd5 28. Qxd5 Rxc1 29. Rxc1 Rxe2 30. Rf1 Re5 31. Qb7 g5 32. Nd7 Qe6 33. Qb8+ 1-0

[Event "Titled Tuesday intern op 25th Jan"]
[Site "Chess.com INT"]
[Date "2022.01.25"]
[Round "8"]
[White "Begunov, Konstantin"]
[Black "Vetokhin, Ilia"]
[Result "1-0"]
[WhiteElo "2325"]
[BlackElo "2305"]
[PlyCount "103"]
[EventDate "2022.01.25"]
[EventType "swiss (blitz)"]
[EventRounds "11"]
[EventCountry "USA"]
[SourceTitle "CBM 206 Extra"]
[Source "ChessBase"]
[SourceDate "2022.03.31"]
[SourceVersion "1"]
[SourceVersionDate "2022.03.31"]
[SourceQuality "1"]

1. d4 Nf6 2. c4 g6 3. f3 Bg7 4. e4 d6 5. Nc3 0-0 6. Be3 c5 7. dxc5 dxc5 8. Qxd8 Rxd8 9. Bxc5 Nc6 10. Nd5 Nxd5 11. cxd5 Bxb2 12. Rd1 Bc3+ 13. Kf2 e6 14. Ne2 Bg7 15. Nf4 exd5 16. Nxd5 Be6 17. Bc4 b6 18. Be7 Bxd5 19. Bxd5 Nxe7 20. Bxa8 Rxa8 21. Rd7 Nc6 22. Rc1 Bd4+ 23. Ke2 Bc5 24. Rcd1 Rc8 25. R1d5 Nb4 26. Rd2 a5 27. Rb7 Rf8 28. a3 Nc6 29. Rdd7 Ne5 30. Re7 Nc4 31. Rec7 Nxa3 32. Kd3 Nb5 33. Rd7 a4 34. Kc4 a3 35. Kxb5 Ra8 36. Ra7 Rxa7 37. Rxa7 Kg7 38. Kc6 Kf6 39. f4 g5 40. g3 gxf4 41. gxf4 Ke6 42. f5+ Kf6 43. Kd5 Bb4 44. e5+ Kxf5 45. Rxf7+ Kg6 46. Rf6+ Kg7 47. Rxb6 Bc3 48. Rb7+ Kg6 49. Ra7 Bb2 50. e6 Kf6 51. Kd6 Be5+ 52. Kd7 1-0

[Event "Titled Tuesday intern op 25th Jan"]
[Site "Chess.com INT"]
[Date "2022.01.25"]
[Round "11"]
[White "Vetokhin, Ilia"]
[Black "Dwilewicz, Katarzyna"]
[Result "1-0"]
[WhiteElo "2305"]
[BlackElo "2100"]
[PlyCount "91"]
[EventDate "2022.01.25"]
[EventType "swiss (blitz)"]
[EventRounds "11"]
[EventCountry "USA"]
[SourceTitle "CBM 206 Extra"]
[Source "ChessBase"]
[SourceDate "2022.03.31"]
[SourceVersion "1"]
[SourceVersionDate "2022.03.31"]
[SourceQuality "1"]

1. d4 d6 2. c4 e5 3. Nc3 g6 4. dxe5 dxe5 5. Qxd8+ Kxd8 6. Bg5+ f6 7. 0-0-0+ Bd7 8. Be3 c6 9. f4 exf4 10. Bxf4 Bh6 11. g3 Ke7 12. e4 Na6 13. Nf3 Nc5 14. e5 fxe5 15. Nxe5 Bf5 16. Bg2 Bxf4+ 17. gxf4 Nf6 18. Rhe1 Kf8 19. b4 Ne6 20. Rf1 Kg7 21. Nd7 Rad8 22. Nxf6 Kxf6 23. Ne4+ Kg7 24. Nd6 Bg4 25. Bf3 Bxf3 26. Rxf3 b6 27. f5 Ng5 28. Rg3 Kf6 29. fxg6 hxg6 30. Rf1+ Kg7 31. Nb7 Rd7 32. Rxg5 Rxb7 33. Rf2 Re7 34. Kc2 Rd8 35. Rfg2 Rd6 36. R5g4 Re5 37. h4 Re1 38. Kb3 Rb1+ 39. Rb2 Rd3+ 40. Kc2 Rd2+ 41. Kxd2 Rxb2+ 42. Kc3 Rxa2 43. h5 Kf6 44. Rxg6+ Kf5 45. Rxc6 Rh2 46. h6 1-0